Student-managed investment funds : (Record no. 171977)

MARC details
000 -LEADER
fixed length control field 00967cam a2200277 i 4500
001 - CONTROL NUMBER
control field 21597349
003 - CONTROL NUMBER IDENTIFIER
control field OSt
005 - DATE AND TIME OF LATEST TRANSACTION
control field 20250618094835.0
008 - FIXED-LENGTH DATA ELEMENTS--GENERAL INFORMATION
fixed length control field 200701t20202020enkad 001 0 eng d
020 ## - INTERNATIONAL STANDARD BOOK NUMBER
International Standard Book Number 9780128178669 (paperback)
040 ## - CATALOGING SOURCE
Original cataloging agency YDX
Language of cataloging eng
Transcribing agency NUST
Description conventions rda
Modifying agency NUST
050 00 - LIBRARY OF CONGRESS CALL NUMBER
Classification number HG4529 BRU
100 1# - MAIN ENTRY--PERSONAL NAME
Personal name Bruce, Brian R.,
Relator term author.
245 10 - TITLE STATEMENT
Title Student-managed investment funds :
Remainder of title organization, policy, and portfolio management /
Statement of responsibility, etc. Brian Bruce,
250 ## - EDITION STATEMENT
Edition statement Second edition.
260 ## - PUBLICATION, DISTRIBUTION, ETC.
Place of publication, distribution, etc. United Kingdom:
Name of publisher, distributor, etc. Academic Press,
Date of publication, distribution, etc. ©2020.
300 ## - PHYSICAL DESCRIPTION
Extent xxiii, 578 pages :
Other physical details illustrations, charts ;
Dimensions 24 cm
336 ## - CONTENT TYPE
Content type term text
Content type code txt
Source rdacontent
337 ## - MEDIA TYPE
Media type term unmediated
Media type code n
Source rdamedia
338 ## - CARRIER TYPE
Carrier type term volume
Carrier type code nc
Source rdacarrier
504 ## - BIBLIOGRAPHY, ETC. NOTE
Bibliography, etc. note Includes Appendix and Index
650 #0 - SUBJECT ADDED ENTRY--TOPICAL TERM
Topical term or geographic name entry element Portfolio management.
650 #6 - SUBJECT ADDED ENTRY--TOPICAL TERM
Topical term or geographic name entry element Gestion de portefeuille.
650 #7 - SUBJECT ADDED ENTRY--TOPICAL TERM
Topical term or geographic name entry element Portfolio management.
Source of heading or term fast
942 ## - ADDED ENTRY ELEMENTS (KOHA)
Source of classification or shelving scheme Library of Congress Classification
Suppress in OPAC No
Koha item type Ordinary Loan Books
Edition Second Edition
Classification part HG4529.BRU
Call number prefix HG
Call number suffix BRU
Holdings
Withdrawn status Lost status Source of classification or shelving scheme Damaged status Not for loan Collection Home library Current library Shelving location Date acquired Source of acquisition Cost, normal purchase price Total Checkouts Full call number Barcode Date last seen Accession number Cost, replacement price Price effective from Koha item type Public note
    LCC     NFIC MAIN MAIN GEN 06/05/2025 Book Aid International 70.00   HG4529.BRU 92004057756 06/05/2025 63154 70.00 06/05/2025 BOOKS Donation
    LCC     NFIC MAIN MAIN GEN 06/25/2025 Book Aid International 75.00   HG4529 BRU 92004057703 06/25/2025 63153 75.00 06/25/2025 BOOKS Donation